| 000 | 00499pab a2200157 454500 | ||
|---|---|---|---|
| 008 | 180718b2017 xxu||||| |||| 00| 0 eng d | ||
| 100 | _aBakir, Caner | ||
| 245 | _aHow can interactions among interdependent structures, institutions, and agents inform financial stability?: What we have still to learn from global financial crisis | ||
| 260 | _c2017 | ||
| 300 | _ap.217-239. | ||
| 362 | _aJun | ||
| 650 | _aBanks | ||
| 650 | _aEconomic recession | ||
| 773 | _aPolicy Sciences | ||
| 909 | _a115058 | ||
| 999 |
_c115052 _d115052 |
||